| 000 | 02492 a2200217 4500 | ||
|---|---|---|---|
| 003 | BJBSDDR | ||
| 005 | 20260430130640.0 | ||
| 007 | ta | ||
| 008 | 300426t2012 nyu 00| 0 spa d | ||
| 020 | _a9780292757530 | ||
| 040 |
_beng _cBJBSDDR |
||
| 041 | _aeng | ||
| 050 | _bH715f 2012 | ||
| 100 | 1 |
_aHogeland, William ; _d1955- _948233 |
|
| 245 | 1 |
_aFounding finance : _bhow debt, speculation, foreclosures, protests, and crackdowns made us a nation / _cWilliam Hogeland. |
|
| 260 |
_aNew York : _bUniversity of Texas Press, _c2012. |
||
| 300 |
_a274 pages : _billustration ; _c23 cm. |
||
| 520 | _a | ||
| 942 |
_2lcc _cBK _n0 |
||
| 946 | _idpf | ||
| 999 |
_c126974 _d126974 |
||